Apertura comercial en Centroamerica: nuevos retos para la agricultura /
Guardado en:
| Hovedforfatter: | |
|---|---|
| Andre forfattere: | |
| Format: | Texto |
| Udgivet: |
San José:
Departamento Ecuménico de Investigaciones. (DEI)
|
| Fag: | |
| Tags: |
Tilføj Tag
Ingen Tags, Vær først til at tagge denne postø!
|
MARC
| LEADER | 00000 a a2200000 04500 | ||
|---|---|---|---|
| 001 | 31418 | ||
| 003 | |||
| 040 | |||
| 020 | |a 9977-83-092-4 | ||
| 090 | |a 198100 | ||
| 100 | |a Nuhn, Helmut | ||
| 245 | |a Apertura comercial en Centroamerica: nuevos retos para la agricultura / |c Helmut Nuhn | ||
| 260 | |a San José: |b Departamento Ecuménico de Investigaciones. (DEI) | ||
| 300 | |a 297 p. | ||
| 650 | |a LIBERALIZACION ECONOMICA | ||
| 650 | |a LIBERALIZACION DEL INTERCAMBIO | ||
| 650 | |a SECTOR AGROPECUARIO | ||
| 650 | |a CONSECUENCIAS ECONOMICAS | ||
| 650 | |a CONSECUENCIAS SOCIALES | ||
| 650 | |a PRODUCCION AGROPECUARIA | ||
| 650 | |a AJUSTE ESTRUCTURAL | ||
| 650 | |a CAMBIO ECONOMICO | ||
| 650 | |a DIVERSIFICACION DE EXPORTACIONES | ||
| 650 | |a PROMOCION DE LAS EXPORTACIONES | ||
| 700 | |a ed. |a Stamm, Andreas |a ed. | ||
| 999 | |c 14918 |d 14918 | ||



